<?xml version="1.0" encoding="UTF-8"?><?xml-stylesheet type="text/xsl" href="static/style.xsl"?><OAI-PMH xmlns="http://www.openarchives.org/OAI/2.0/" xmlns:xsi="http://www.w3.org/2001/XMLSchema-instance" xsi:schemaLocation="http://www.openarchives.org/OAI/2.0/ http://www.openarchives.org/OAI/2.0/OAI-PMH.xsd"><responseDate>2026-04-18T04:00:07Z</responseDate><request verb="GetRecord" identifier="oai:www.recercat.cat:10230/41842" metadataPrefix="marc">https://recercat.cat/oai/request</request><GetRecord><record><header><identifier>oai:recercat.cat:10230/41842</identifier><datestamp>2025-12-22T13:39:05Z</datestamp><setSpec>com_2072_6</setSpec><setSpec>col_2072_452952</setSpec></header><metadata><record xmlns="http://www.loc.gov/MARC21/slim" xmlns:dcterms="http://purl.org/dc/terms/" xmlns:xsi="http://www.w3.org/2001/XMLSchema-instance" xmlns:doc="http://www.lyncode.com/xoai" xsi:schemaLocation="http://www.loc.gov/MARC21/slim http://www.loc.gov/standards/marcxml/schema/MARC21slim.xsd">
   <leader>00925njm 22002777a 4500</leader>
   <datafield ind2=" " ind1=" " tag="042">
      <subfield code="a">dc</subfield>
   </datafield>
   <datafield ind2=" " ind1=" " tag="720">
      <subfield code="a">Sora, Carles</subfield>
      <subfield code="e">author</subfield>
   </datafield>
   <datafield ind2=" " ind1=" " tag="260">
      <subfield code="c">2019-06-19T14:50:26Z</subfield>
   </datafield>
   <datafield ind2=" " ind1=" " tag="260">
      <subfield code="c">2019-06-19T14:50:26Z</subfield>
   </datafield>
   <datafield ind2=" " ind1=" " tag="260">
      <subfield code="c">2018</subfield>
   </datafield>
   <datafield ind2=" " ind1=" " tag="520">
      <subfield code="a">El mundo mediatizado en el que vivimos está cambiando de manera fundamental el modo en que explicamos, revivimos y construimos nuestra percepción de ‘la realidad’, los hechos, las noticias. La realidad aumentada y virtual, la inteligencia artificial y las nuevas técnicas de Machine Learning o los robots y algoritmos de creación de contenidos y recomendación, por citar algunas tecnologías, ya forman parte de los mecanismos que los profesionales de medios informativos tienen a su disposición y con los que las audiencias, seamos conscientes de ello o no, lidiamos a diario. Estas tecnologías transforman profundamente la naturaleza de la creación de contenidos informativos retando nuestra capacidad para analizar críticamente la indigestible cantidad de información a la que estamos expuestos diariamente, con nuevos mecanismos de manipulación, suplantación, e influencia, altamente complejos, que aún debemos de asimilar.</subfield>
   </datafield>
   <datafield ind2=" " ind1=" " tag="520">
      <subfield code="a">The mediated world in which we live is essentially changing the way we explain, revive and build our perception of ‘reality’, facts, and news. The augmented and virtual reality, the artificial intelligence and the new techniques of Machine Learning or the robots and algorithms for content creation and recommendation, to name but a few technologies, already are part of the mechanisms that the media professionals have at their disposal. We are conscious of them or not, the audiences deal with them daily. These technologies profoundly transform the nature of the creation act of informative content, challenging our ability to critically analyze the massive amounts of information to which we are exposed daily, with new mechanisms of manipulation, impersonation, and influence, highly complex, that we must still assimilate.</subfield>
   </datafield>
   <datafield ind2=" " ind1=" " tag="520">
      <subfield code="a">El Observatorio de Cibermedios (OCM) forma parte del proyecto del Plan Nacional &amp;quot;Creación y contenido interactivo en la comunicación de información audiovisual: audiencias, diseño, sistemas y formatos&amp;quot;. CSO2015-64955-C4-2-R (MINECO/FEDER), Ministerio de Economía y Competitividad (España).</subfield>
   </datafield>
   <datafield tag="653" ind2=" " ind1=" ">
      <subfield code="a">Redes sociales</subfield>
   </datafield>
   <datafield tag="653" ind2=" " ind1=" ">
      <subfield code="a">Realidad</subfield>
   </datafield>
   <datafield tag="653" ind2=" " ind1=" ">
      <subfield code="a">Manipulación</subfield>
   </datafield>
   <datafield tag="653" ind2=" " ind1=" ">
      <subfield code="a">Realidad</subfield>
   </datafield>
   <datafield tag="653" ind2=" " ind1=" ">
      <subfield code="a">Mediatizada</subfield>
   </datafield>
   <datafield tag="653" ind2=" " ind1=" ">
      <subfield code="a">Alfabetización de medios digitales</subfield>
   </datafield>
   <datafield tag="653" ind2=" " ind1=" ">
      <subfield code="a">Deepfakes</subfield>
   </datafield>
   <datafield tag="653" ind2=" " ind1=" ">
      <subfield code="a">Social Networks</subfield>
   </datafield>
   <datafield tag="653" ind2=" " ind1=" ">
      <subfield code="a">Reality</subfield>
   </datafield>
   <datafield tag="653" ind2=" " ind1=" ">
      <subfield code="a">Manipulation</subfield>
   </datafield>
   <datafield tag="653" ind2=" " ind1=" ">
      <subfield code="a">Mediated Reality</subfield>
   </datafield>
   <datafield tag="653" ind2=" " ind1=" ">
      <subfield code="a">Digital Media Literacy</subfield>
   </datafield>
   <datafield ind2="0" ind1="0" tag="245">
      <subfield code="a">El Futuro digital de los hechos</subfield>
   </datafield>
   <datafield ind2="0" ind1="0" tag="245">
      <subfield code="a">The Digital future of facts</subfield>
   </datafield>
</record></metadata></record></GetRecord></OAI-PMH>